| 000 | 01962cam a22004817a 4500 | ||
|---|---|---|---|
| 003 | CHAP | ||
| 005 | 20220329141112.0 | ||
| 008 | 971014s1996 r 00010 d | ||
| 010 | _a62604 | ||
| 011 | _a63576 | ||
| 035 | _a67752 | ||
| 040 | _cCHAP | ||
| 082 |
_a630.83 _bI56 Chih. |
||
| 110 |
_aInstituto Nacional de Estadística, Geografía e Informática. México _959304 |
||
| 245 | 0 |
_aIndicadores básicos censales _b: Chihuahua |
|
| 260 |
_aAguascalientes, Ags. : _bINEGI, _c1996 |
||
| 300 |
_a220 p. _b; anexos _e+ 1 anexo (20 diagramas de universos) |
||
| 590 |
_aBATCH-UPD _b10 _c20130110 _lUCH01 _h0141 |
||
| 590 |
_aBATCH-UPD _b10 _c20130110 _lUCH01 _h1006 |
||
| 590 |
_aBATCH-UPD _b10 _c20130409 _lUCH01 _h2139 |
||
| 590 |
_aBATCH-UPD _b10 _c20130410 _lUCH01 _h0616 |
||
| 590 |
_aBATCH-UPD _b10 _c20130913 _lUCH01 _h2029 |
||
| 590 |
_aBATCH-UPD _b10 _c20130914 _lUCH01 _h1100 |
||
| 590 |
_aCONVERSION _b10 _c20130109 _lUCH01 _h1334 |
||
| 650 | 1 | 4 |
_aAgricultura _xChihuahua. _91356 |
| 650 | 1 | 4 |
_aAgricultura _xEstadísticas _zChihuahua. _91449 |
| 650 | 1 | 4 |
_aBosques _xEstadísticas _xChihuahua. _914141 |
| 650 | 1 | 4 |
_aCrédito agrícola _xChihuahua. _929040 |
| 650 | 1 | 4 |
_aCultivos _xChihuahua. _930239 |
| 650 | 1 | 4 |
_aCultivos _xEstadísticas. _930269 |
| 650 | 1 | 4 |
_aEjidos _xChihuahua. _936009 |
| 650 | 1 | 4 |
_aGanadería _xChihuahua. _944669 |
| 650 | 1 | 4 |
_aGanadería _xEstadísticas _zChihuahua. _944708 |
| 650 | 1 | 4 |
_aMaquinaria agrícola _xEstadísticas. _971170 |
| 650 | 1 | 4 |
_aTierras _xTenencia _xChihuahua. _9113150 |
| 790 | _aCensos agropecuarios (7o), 1991 | ||
| 901 | _aBK | ||
| 942 | _cLIBRO | ||
| 949 |
_a630.83 I56 Chih. _bBC _cC _d33724000686887 _eC _gI. c/e _h92303 _i67752 _sb _t55.00 |
||
| 949 |
_a630.83 I56 Chih. _bBC _cESP _d-153137 _eESP _fanexo _h92303 _i67752 _sb _t55.00 |
||
| 949 |
_a630.83 I56 Chih. _bBC _cESP _d677522 _eESP _fanexo c.2 _gDonaciØn _h100420 _i67752 _sb |
||
| 949 |
_a630.83 I56 Chih. _bBC _cINEGI _d33724000844585 _eINEGI _fc.2 _gDonaciØn _h100420 _i67752 _sb |
||
| 999 |
_c62604 _d62604 |
||